| 000 | 01433ncm0a2200349 4500 | ||
|---|---|---|---|
| 001 | RU\NLR\ONIZ\224338 | ||
| 005 | 20250626145724.0 | ||
| 013 | _a979-0-66003-584-9 | ||
| 021 |
_aRU _b18-332 _918-НО-П-26 |
||
| 035 | _aRU\NLR\ONIZ\GALA\5000033603\20181031144802 | ||
| 035 | _a(NLR Aleph) 011903410 | ||
| 090 |
_a10895300 _c10895300 |
||
| 100 | _a20181031d2018 |||y0rusy50 ca | ||
| 101 | 0 | _arus | |
| 102 | _aRU | ||
| 125 | _aax | ||
| 200 | 1 |
_aИграю с мамой _bНоты _e25 лёгких перелож. для самых маленьких пианистов _eдля фп. в 4 руки _eучеб.-метод. пособие _fсост., аранж. и пед. ред. И. С. Корольковой |
|
| 210 |
_aРостов-на-Дону _cФеникс _d2018 |
||
| 215 |
_a46 с. _cил. _d29 см |
||
| 225 | 1 | _aМои первые ноты | |
| 606 | 1 |
_aПьесы для фортепиано в 4 руки (для малышей) _2nlr_sh |
|
| 686 |
_aЩ985.242я43 _vLBC/SL _2rubbk |
||
| 700 | 1 |
_9z02790 _aКоролькова _bИ. С. _cсост. _gИрина Станиславовна _4220 _7ca |
|
| 790 | 1 |
_9z02700 _aKorol`kova _bI. S. _gIrina Stanislavovna _4220 _7ba |
|
| 801 | 0 |
_aRU _bNLR _c20181031 _gPSBO |
|
| 801 | 1 |
_aRU _bNLR _c20181031 _2rusmarc |
|
| 801 | 2 |
_aRU _bNLR _c20191112 |
|
| 852 |
_aNLR _bМ _jК-3/29608 _pМОЭ 2018-НО-П-26/332 _t1 |
||
| 942 | _cSCORE | ||
| 980 | _aNB | ||
| 980 | _aONIZ | ||